Normal view
MARC view
- Zaidi, Ali, Athley, Fredrik
Entry Personal Name
001 - CONTROL NUMBER
- control field: 18551
003 - CONTROL NUMBER IDENTIFIER
- control field: NUST
005 - DATE AND TIME OF LATEST TRANSACTION
- control field: 20190725080411.0
008 - FIXED-LENGTH DATA ELEMENTS
- fixed length control field: 190725|| aca||aabn | a|a d
040 ## - CATALOGING SOURCE
- Original cataloging agency: NUST
- Transcribing agency: NUST
100 ## - HEADING--PERSONAL NAME
- Personal name: Zaidi, Ali, Athley, Fredrik
670 ## - SOURCE DATA FOUND
- Source citation: Work cat.: (NUST): Zaidi, Ali, Athley, Fredrik, 5G Physical Layer : , 2018.
